|
|
|
|
| LEADER |
00000nam0a2200000 4500 |
| 001 |
192625 |
| 005 |
20231031181428.0 |
| 010 |
|
|
|a 5283046176
|
| 035 |
|
|
|a (RuTPU)RU\TPU\book\210044
|
| 090 |
|
|
|a 192625
|
| 100 |
|
|
|a 20110304d1990 m y0rusy50 ca
|
| 101 |
0 |
|
|a rus
|
| 102 |
|
|
|a RU
|
| 105 |
|
|
|a a z 001zy
|
| 200 |
1 |
|
|a Современные проблемы совершенствования средств измерений массы, силы, давления
|e сборник научных трудов
|f Всероссийский научно-исследовательский институт метрологии им. Д. И. Менделеева (ВНИИМ); под ред. Н. С. Чаленко
|
| 210 |
|
|
|a Ленинград
|c Энергоатомиздат
|d 1990
|
| 215 |
|
|
|a 104 с.
|c ил.
|
| 320 |
|
|
|a Библиография в конце статей
|
| 610 |
1 |
|
|a масса
|
| 610 |
1 |
|
|a сила
|
| 610 |
1 |
|
|a давление
|
| 610 |
1 |
|
|a средства измерений
|
| 610 |
1 |
|
|a совершенствование
|
| 610 |
1 |
|
|a тензорезисторные преобразователи
|
| 610 |
1 |
|
|a динамометры
|
| 610 |
1 |
|
|a исследования
|
| 675 |
|
|
|a 531.7
|v 3
|
| 702 |
|
1 |
|a Чаленко
|b Н. С.
|4 340
|
| 712 |
0 |
2 |
|a Всероссийский научно-исследовательский институт метрологии им. Д. И. Менделеева (ВНИИМ)
|c (Санкт-Петербург)
|2 stltpush
|3 (RuTPU)RU\TPU\col\1261
|
| 801 |
|
1 |
|a RU
|b 63413507
|c 20110304
|
| 801 |
|
2 |
|a RU
|b 63413507
|c 20110305
|g RCR
|
| 942 |
|
|
|c BK
|